Avoiding the new mediocre raising long-term growth in the Middle East and Central Asia

Gespeichert in:
Bibliographische Detailangaben
1. Verfasser: Mitra, Pritha
Weitere Verfasser: Hosny, Amr
Format: Buch
Sprache:Englisch
Veröffentlicht: Washington, D.C. International Monetary Fund 2016
Schlagworte:
Tags: Tag hinzufügen
Keine Tags, Fügen Sie das erste Tag hinzu!

MARC

LEADER 00000nam a2200000 4500
001 0221259
005 20221124140439.0
020 |a 978-1-51357-271-0 
041 0 |a eng 
044 |a US 
245 1 0 |a Avoiding the new mediocre  |b raising long-term growth in the Middle East and Central Asia  |c Pritha Mitra, Amr Hosny ... [et al.] 
264 1 |a Washington, D.C.  |b International Monetary Fund  |c 2016 
300 |a 36 s. 
610 2 0 |a politika hospodárska 
610 2 0 |a rast hospodársky 
610 2 0 |a produktivita 
610 2 0 |a zamestnanosť 
610 2 0 |a kapitál 
610 2 0 |a podmienky hospodárske 
610 2 0 |a rozvoj hospodársky 
610 2 0 |a vývoj politický 
610 2 0 |a konflikty 
610 2 0 |a dôsledky sociálne 
610 2 0 |a Ázia 
100 1 |a Mitra, Pritha 
700 1 |a Hosny, Amr